Effect of different organic fertilizers on chinese cabbage at sangker didtrict, tattambang province, ឥទ្ធិពលនៃជីសរីរាង្គផ្សេងៗគ្នាទៅលើដំណាំស្ពៃក្រញ៉ាញ់ នៅស្រុកសង្កែ ខេត្តបាត់ដំបង. (Record no. 1432)

000 -LEADER
fixed length control field 00688nam a22001337a 4500
040 ## - CATALOGING SOURCE
Transcribing agency RUA
082 ## - DEWEY DECIMAL CLASSIFICATION NUMBER
Classification number AGR.BB PHE 2010 B060 Or.1
100 ## - MAIN ENTRY--AUTHOR NAME
Personal name PHEACH, MAKARA.
245 ## - TITLE STATEMENT
Title Effect of different organic fertilizers on chinese cabbage at sangker didtrict, tattambang province, ឥទ្ធិពលនៃជីសរីរាង្គផ្សេងៗគ្នាទៅលើដំណាំស្ពៃក្រញ៉ាញ់ នៅស្រុកសង្កែ ខេត្តបាត់ដំបង.
260 ## - PUBLICATION, DISTRIBUTION, ETC. (IMPRINT)
Place of publication phnom phen
Name of publisher RUA
Year of publication 2010
300 ## - PHYSICAL DESCRIPTION
Number of Pages X,21p.
Other physical details ill.
Dimensions 29cm.
856 ## - ELECTRONIC LOCATION AND ACCESS
Uniform Resource Identifier https://drive.google.com/file/d/1kJbhoOqNaCfBqI7mXThHzz_Pvoo3Fgtp/view?usp=sharing
942 ## - ADDED ENTRY ELEMENTS (KOHA)
Koha item type AGR.bb
952 ## - LOCATION AND ITEM INFORMATION (KOHA)
Withdrawn status [LOCAL, KOHA] 0
952 ## - LOCATION AND ITEM INFORMATION (KOHA)
Withdrawn status [LOCAL, KOHA] 0
952 ## - LOCATION AND ITEM INFORMATION (KOHA)
Withdrawn status [LOCAL, KOHA] 0
952 ## - LOCATION AND ITEM INFORMATION (KOHA)
Withdrawn status [LOCAL, KOHA] 0
952 ## - LOCATION AND ITEM INFORMATION (KOHA)
Withdrawn status [LOCAL, KOHA] 0
952 ## - LOCATION AND ITEM INFORMATION (KOHA)
Withdrawn status [LOCAL, KOHA] 0
952 ## - LOCATION AND ITEM INFORMATION (KOHA)
Withdrawn status [LOCAL, KOHA] 0
952 ## - LOCATION AND ITEM INFORMATION (KOHA)
Withdrawn status [LOCAL, KOHA] 0
952 ## - LOCATION AND ITEM INFORMATION (KOHA)
Withdrawn status [LOCAL, KOHA] 0
952 ## - LOCATION AND ITEM INFORMATION (KOHA)
Withdrawn status [LOCAL, KOHA] 0
Holdings
Permanent Location Date acquired Koha item type Lost status Shelving location Barcode Current Location Full call number
Library Block B2015-09-28AGR.bb B060RUA009836Library Block BAGR.BB PHE 2010 B060 Or.1
Library Block B2015-09-28AGR.bb B060RUA004339Library Block BAGR.BB PHE 2010 B060 Or.2
Library Block B2015-09-28AGR.bb B060RUA004267Library Block BAGR.BB PHE 2010 B060 Or.3
Library Block B2015-09-28AGR.bb B060RUA004195Library Block BAGR.BB PHE 2010 B060 Or.4
Library Block B2015-09-28AGR.bb B060RUA004482Library Block BAGR.BB PHE 2010 B060 Or.5
Library Block B2015-09-28AGR.bb B060RUA006911Library Block BAGR.BB PHE 2010 B060 Or.6
Library Block B2016-01-25AGR.bb B060RUA42050Library Block BAGR.BB PHE 2010 B060 Or.7
Library Block B2016-01-25AGR.bb B060RUA050864Library Block BAGR.BB PHE 2010 B060 Or.8
Library Block B2019-01-22AGR B1.214A35951Library Block BAGR PHE 2010 B1.214 Or.1
Library Block B2019-02-25AGR.bb B1.222A36670Library Block BAGR.BB PHE 2010 B1.222 Or.1
មជ្ឈមណ្ឌលឯការនៃសាកលវិទ្យាល័យភូមិន្ទកសិកម្មចំការដូង

Powered by Koha